U.S. States in the Mountain Time Zone - Statistics

General Stats
  • This quiz has been taken 97 times
  • The average score is 11 of 14
Answer Stats
State % Correct
Colorado
96%
Montana
96%
Arizona
92%
New Mexico
91%
Wyoming
91%
Utah
87%
South Dakota
83%
Idaho
82%
North Dakota
80%
Texas
78%
Nebraska
74%
Kansas
70%
Nevada
58%
Oregon
47%
No matching quizzes found
Score Distribution
Percent of People with Each Score
Percentile by Number Answered
Your Score History
You have not taken this quiz